| 000 | 00531nam a2200181 i 4500 | ||
|---|---|---|---|
| 001 | 29877 | ||
| 003 | ES-MaACL | ||
| 005 | 20230906154113.0 | ||
| 007 | t| | ||
| 008 | 030123s1968 sp ||||1| spa d | ||
| 100 | 1 |
_aBaschwitz, Kurt. _926262 |
|
| 245 | 1 | 0 |
_aBrujas y procesos de brujerías / _cKurt Baschwitz ; [versión... de Ana Grossman]. |
| 250 | _a[1ª ed.]. | ||
| 260 |
_aBarcelona : _bCaralt, _c[1968] |
||
| 300 |
_a504 p., 16 lám. ; _c22 cm. |
||
| 700 | 1 |
_aGrossman, Ana. _960183 |
|
| 852 |
_aES-MaACL _jC-34956 _bR.67557 |
||
| 999 |
_c29877 _d29877 |
||